000
00480nam a2200193Ia 4500
008
090123s9999 xx 000 0 und d
082
_b
43099
100
_a
ओशो
245
_a
ध्यानदर्शन
250
_a
1
260
_c
2008
300
_a
138
600
_a
ओशो
630
_a
ध्यानदर्शन
700
_a
ओशो
700
_a
बोरीकर दिनकर
730
_a
ध्यानदर्शन
942
_c
BOOK
999
_c
81156
_d
81156